Statistics for Travel Restrictions Tile Select

Click here to take the quiz!

General Stats

  • This quiz has been taken 26 times
  • The average score is 55 of 80

Answer Stats

QuestionTileSelect% Correct
countries that deny entry to Armenian citizens and nationalsBelgiumNo
96%
countries that deny entry to Armenian citizens and nationalsCentral African RepublicNo
96%
countries that were part of President Donald Trump's "Muslim Ban", otherwise known as Executive Order 13769.Democratic Republic of the CongoNo
96%
countries that were part of President Donald Trump's "Muslim Ban", otherwise known as Executive Order 13769.EthopiaNo
96%
countries that deny entry to Armenian citizens and nationalsFijiNo
96%
countries that deny entry to Armenian citizens and nationalsGermanyNo
96%
countries that deny travelers (Israeli Citizens) with Israeli passports.SyriaYes
96%
countries that were part of President Donald Trump's "Muslim Ban", otherwise known as Executive Order 13769.VietnamNo
96%
countries that deny entry to Armenian citizens and nationalsSouth KoreaNo
92%
countries (As of April 23rd, 2020) that have lifted previous COVID-19 related travel restrictions.UzbekistanNo
92%
countries that deny entry to Armenian citizens and nationalsVanuatuNo
92%
countries (As of April 23rd, 2020) that have lifted previous COVID-19 related travel restrictions.HondurasNo
88%
countries that require an ICV (Vaccination Certificate) in order to enterJordanNo
88%
countries that deny entry to Armenian citizens and nationalsTuvaluNo
88%
countries that deny entry to Armenian citizens and nationalsVatican CityNo
88%
countries that were part of President Donald Trump's "Muslim Ban", otherwise known as Executive Order 13769.VenezuelaNo
88%
countries that deny travelers (Israeli Citizens) with Israeli passports.ChadNo
84%
countries that were part of President Donald Trump's "Muslim Ban", otherwise known as Executive Order 13769.EgyptNo
84%
countries (As of April 23rd, 2020) that have lifted previous COVID-19 related travel restrictions.JordanNo
84%
countries that were part of President Donald Trump's "Muslim Ban", otherwise known as Executive Order 13769.NigerNo
84%
countries that require an ICV (Vaccination Certificate) in order to enterRussiaNo
84%
countries that were part of President Donald Trump's "Muslim Ban", otherwise known as Executive Order 13769.SyriaYes
84%
countries that were part of President Donald Trump's "Muslim Ban", otherwise known as Executive Order 13769.YemenYes
84%
countries that were part of President Donald Trump's "Muslim Ban", otherwise known as Executive Order 13769.ChadNo
80%
countries that were part of President Donald Trump's "Muslim Ban", otherwise known as Executive Order 13769.IranYes
80%
countries that deny entry to Armenian citizens and nationalsIsraelNo
80%
countries that require an ICV (Vaccination Certificate) in order to enterKuwaitNo
80%
countries (As of April 23rd, 2020) that have lifted previous COVID-19 related travel restrictions.LesothoNo
80%
countries that require an ICV (Vaccination Certificate) in order to enterNamibiaNo
80%
countries (As of April 23rd, 2020) that have lifted previous COVID-19 related travel restrictions.South SudanNo
80%
countries that deny travelers (Israeli Citizens) with Israeli passports.IraqYes
76%
countries (As of April 23rd, 2020) that have lifted previous COVID-19 related travel restrictions.KuwaitNo
76%
countries (As of April 23rd, 2020) that have lifted previous COVID-19 related travel restrictions.PeruNo
76%
countries (As of April 23rd, 2020) that have lifted previous COVID-19 related travel restrictions.TuvaluNo
76%
countries that deny entry to Armenian citizens and nationalsCyprusNo
72%
countries (As of April 23rd, 2020) that have lifted previous COVID-19 related travel restrictions.FijiNo
72%
countries that were part of President Donald Trump's "Muslim Ban", otherwise known as Executive Order 13769.IraqYes
72%
countries that require an ICV (Vaccination Certificate) in order to enterIsraelNo
72%
countries that deny entry to Armenian citizens and nationalsLebanonNo
72%
countries that were part of President Donald Trump's "Muslim Ban", otherwise known as Executive Order 13769.LibyaYes
72%
countries that require an ICV (Vaccination Certificate) in order to enterMongoliaNo
72%
countries that deny travelers (Israeli Citizens) with Israeli passports.MoroccoNo
72%
countries that deny travelers (Israeli Citizens) with Israeli passports.PakistanYes
72%
countries that were part of President Donald Trump's "Muslim Ban", otherwise known as Executive Order 13769.SomaliaYes
72%
countries that require an ICV (Vaccination Certificate) in order to enterUruguayNo
72%
countries that require an ICV (Vaccination Certificate) in order to enterVietnamNo
72%
countries that require an ICV (Vaccination Certificate) in order to enterGermanyNo
68%
countries that deny travelers (Israeli Citizens) with Israeli passports.LibyaYes
68%
countries (As of April 23rd, 2020) that have lifted previous COVID-19 related travel restrictions.MaldivesNo
68%
countries that were part of President Donald Trump's "Muslim Ban", otherwise known as Executive Order 13769.North KoreaNo
68%
countries (As of April 23rd, 2020) that have lifted previous COVID-19 related travel restrictions.SeychellesNo
68%
countries that deny entry to Armenian citizens and nationalsSyriaNo
68%
countries (As of April 23rd, 2020) that have lifted previous COVID-19 related travel restrictions.VietnamNo
68%
countries that deny travelers (Israeli Citizens) with Israeli passports.EgyptNo
64%
countries that require an ICV (Vaccination Certificate) in order to enterFranceNo
64%
countries that deny travelers (Israeli Citizens) with Israeli passports.JordanNo
64%
countries that deny travelers (Israeli Citizens) with Israeli passports.NigerNo
64%
countries (As of April 23rd, 2020) that have lifted previous COVID-19 related travel restrictions.ThailandNo
64%
countries that require an ICV (Vaccination Certificate) in order to enterZimbabweNo
64%
countries that deny travelers (Israeli Citizens) with Israeli passports.United Arab EmiratesYes
60%
countries that require an ICV (Vaccination Certificate) in order to enterUnited StatesNo
60%
countries that deny entry to Armenian citizens and nationalsAzerbaijanYes
56%
countries that deny travelers (Israeli Citizens) with Israeli passports.LebanonYes
56%
countries (As of April 23rd, 2020) that have lifted previous COVID-19 related travel restrictions.LuxembourgNo
56%
countries that deny travelers (Israeli Citizens) with Israeli passports.SudanYes
56%
countries that deny entry to Armenian citizens and nationalsTurkmenistanNo
52%
countries that deny entry to Armenian citizens and nationalsPakistanNo
48%
countries that deny travelers (Israeli Citizens) with Israeli passports.BahreinNo
44%
countries that deny travelers (Israeli Citizens) with Israeli passports.MalaysiaYes
44%
countries that require an ICV (Vaccination Certificate) in order to enterSouth KoreaNo
44%
countries that require an ICV (Vaccination Certificate) in order to enterAustraliaNo
40%
countries that deny travelers (Israeli Citizens) with Israeli passports.QatarNo
40%
countries that were part of President Donald Trump's "Muslim Ban", otherwise known as Executive Order 13769.SudanYes
40%
countries that deny entry to Armenian citizens and nationalsTurkeyNo
40%
countries that deny travelers (Israeli Citizens) with Israeli passports.SomaliaNo
36%
countries that require an ICV (Vaccination Certificate) in order to enterAngolaYes
24%
countries that require an ICV (Vaccination Certificate) in order to enterSao Tome and PrincipeYes
24%
countries that were part of President Donald Trump's "Muslim Ban", otherwise known as Executive Order 13769.AfghanistanNo
20%
countries (As of April 23rd, 2020) that have lifted previous COVID-19 related travel restrictions.EcuadorYes
20%
countries (As of April 23rd, 2020) that have lifted previous COVID-19 related travel restrictions.GuatemalaYes
12%

Score Distribution

Percentile by Number Answered

Percent of People with Each Score

Your Score History

You have not taken this quiz